000 00379nam a2200169Ia 4500
008 160105s9999 xx 000 0 und d
020 _a2-7071-3877-0
041 _afre
245 _aPhysique
260 _aParis
260 _bMagnard
260 _c1968
654 _xPHYSIQUE/ENSEIGNEMENT SECONDAIRE
942 _c09
994 _a103399
999 _c3377
_d31375